[Event "Titled Tue 1st Jul Early"]
[Site "chess.com INT"]
[Date "2025.07.01"]
[Round "3"]
[White "Sheehan, Ethan"]
[Black "Smieszek, Wojciech"]
[Result "1-0"]
[BlackTitle "CM"]
[WhiteElo "2366"]
[BlackElo "2141"]
[WhiteFideId "30943965"]
[BlackFideId "1156047"]
[EventDate "2025.07.01"]

1. d4 Nf6 2. Nf3 c5 3. c4 cxd4 4. Nxd4 Nc6 5. Nc3 g6 6. e4 Nxd4 7. Qxd4 d6 8.
Be2 Bg7 9. Be3 O-O 10. Qd2 a5 11. O-O a4 12. Rab1 Qa5 13. b4 axb3 14. axb3 Qb4
15. Rfd1 Be6 16. Bd4 Rfc8 17. Qe3 Ra3 18. Nb5 Ra2 19. Bf3 Nd7 20. h4 h5 21. Bxh5
gxh5 22. Bxg7 Kxg7 23. Qg5+ Kf8 24. Qxh5 Nf6 25. Qh8+ Ng8 26. Rd3 Qc5 27. Nd4
Bg4 28. Rg3 Qe5 29. Qh7 Qxd4 30. Rxg4 Qxf2+ 31. Kh1 Ke8 32. Qxg8+ Kd7 33. Qg5
Rh8 34. Qf5+ e6 35. Qxf2 Rxf2 36. Kg1 Ra2 37. Rf1 Rh7 38. Rf3 Rb2 39. Kh2 Kc6
40. Rgf4 b5 41. cxb5+ Kxb5 42. Kh3 f5 43. exf5 e5 44. Rg4 Kc5 45. Rc3+ Kd5 46.
Rd3+ Kc5 47. Rc4+ Kb5 48. Rd5+ Kb6 49. Rxd6+ Kb5 50. Rd5+ Kb6 51. Rxe5 Rxb3+ 52.
g3 Rg7 53. Rg4 Rf7 54. Rg6+ Kc7 55. f6 Kd8 56. Rd5+ Ke8 57. Rg8+ Rf8 58. Rxf8+
Kxf8 59. Kg4 Kf7 60. Rf5 Rb4+ 61. Rf4 Rb5 62. h5 Kg8 63. Kh4 Kh7 64. g4 Kg8 65.
g5 Kf7 66. g6+ Kg8 67. h6 Rb8 68. f7+ Kh8 69. f8=Q+ Rxf8 70. Rxf8# 1-0

[Event "Titled Tue 1st Jul Early"]
[Site "chess.com INT"]
[Date "2025.07.01"]
[Round "3"]
[White "Iljin, Timofey"]
[Black "Marchesich, Giovanni"]
[Result "1-0"]
[WhiteTitle "IM"]
[BlackTitle "CM"]
[WhiteElo "2242"]
[BlackElo "2189"]
[WhiteFideId "14110180"]
[BlackFideId "2824790"]
[EventDate "2025.07.01"]

1. e4 d5 2. exd5 Qxd5 3. Nc3 Qe5+ 4. Nge2 c6 5. d4 Qa5 6. g3 Nf6 7. Bg2 g6 8.
O-O Bg7 9. Bf4 O-O 10. Qd2 Bf5 11. Bh6 Nbd7 12. Rfe1 Nb6 13. Nd5 Qxd2 14. Nxe7+
Kh8 15. Bxd2 Bxc2 16. Rac1 Be4 17. Nf4 Bxg2 18. Kxg2 Rad8 19. Bb4 Rfe8 20. Bc5
Nfd7 21. Ba3 Bxd4 22. Rcd1 Bf6 23. h4 Ne5 24. Rxd8 Rxd8 25. b3 Rd7 26. Bb2 Rxe7
27. Nd3 Nbd7 28. f4 Re6 29. fxe5 Bg7 30. Nf4 Re8 31. Nd3 Nf8 32. Nc5 b6 33. Nb7
Ne6 34. Nd6 Re7 35. Kf3 Kg8 36. a4 Rd7 37. g4 Bf8 38. Ne4 Bg7 39. Nd6 c5 40. h5
Kf8 41. Ke4 Ke7 42. hxg6 hxg6 43. Rh1 Ng5+ 44. Kd5 f6 45. Bc1 Nf7 46. Rh7 fxe5
47. Rxg7 Rxd6+ 48. Ke4 Rd4+ 49. Kf3 e4+ 50. Ke3 Rd3+ 51. Kxe4 Rxb3 52. Bg5+ Kf8
53. Bf6 Rb4+ 54. Kd5 Rxg4 55. Rh7 Rf4 56. Ke6 Kg8 57. Rg7+ Kf8 58. Rxf7+ Kg8 59.
Rxa7 Re4+ 60. Be5 c4 61. Rg7+ Kf8 62. Rh7 Kg8 63. Rh8# 1-0

[Event "Titled Tue 1st Jul Early"]
[Site "chess.com INT"]
[Date "2025.07.01"]
[Round "3"]
[White "Vifleemskaia, Svetlana"]
[Black "Dudzinski, Pawel"]
[Result "0-1"]
[WhiteTitle "WFM"]
[BlackTitle "FM"]
[WhiteElo "1942"]
[BlackElo "2191"]
[WhiteFideId "4129490"]
[BlackFideId "1117890"]
[EventDate "2025.07.01"]

1. d4 f5 2. c4 Nf6 3. Nc3 d6 4. d5 e5 5. dxe6 Bxe6 6. b3 g6 7. Bb2 Bg7 8. Qc2
O-O 9. e3 Nc6 10. Nf3 Qe7 11. Be2 Ne4 12. Nxe4 fxe4 13. Nd4 Nxd4 14. exd4 e3 15.
O-O exf2+ 16. Rxf2 Rxf2 17. Kxf2 Qh4+ 18. Kg1 Bxd4+ 19. Kh1 Rf8 20. Bxd4 Qxd4
21. Rf1 Bf5 22. Qc1 Re8 23. Bf3 c6 24. h3 Qe3 25. Qxe3 Rxe3 26. Rd1 Bxh3 27.
Rxd6 Bf5 28. Rd8+ Kg7 29. Rb8 Re7 30. Ra8 a6 31. Kg1 Kf6 32. Kf2 Ke5 33. Rd8 Be4
34. Ke3 Bxf3 35. Kxf3 Kf5 36. Rf8+ Kg5 37. Rd8 h5 38. c5 Rf7+ 39. Ke3 Rf5 40. b4
Rf4 41. a3 Rg4 42. Kf3 h4 43. Rd7 Rg3+ 44. Kf2 Rxa3 45. Rxb7 Kf4 46. Rb6 Ra2+
47. Kf1 Kg3 48. Rxc6 Ra1+ 49. Ke2 g5 50. Rg6 g4 51. c6 Rc1 52. Kd2 Rc4 53. Kd3
Rc1 54. Kd2 Rf1 55. c7 Rf8 56. Rc6 Rc8 57. Ke2 Kxg2 58. Rc4 Kg3 59. Ke3 h3 60.
Ke4 h2 61. Rc3+ Kh4 0-1

[Event "Titled Tue 1st Jul Early"]
[Site "chess.com INT"]
[Date "2025.07.01"]
[Round "3"]
[White "Dreelinck, Jacob"]
[Black "Zepeda Berlanga, Jan Enrique"]
[Result "0-1"]
[WhiteTitle "FM"]
[BlackTitle "CM"]
[WhiteElo "2266"]
[BlackElo "2011"]
[WhiteFideId "250511"]
[BlackFideId "5132355"]
[EventDate "2025.07.01"]

1. d4 Nf6 2. Nf3 d5 3. Bf4 c5 4. e3 Nc6 5. Nbd2 cxd4 6. exd4 Bf5 7. c3 e6 8. Qb3
Qc8 9. Ne5 Bd6 10. Bb5 Bxe5 11. Bxe5 Nd7 12. Bd6 f6 13. O-O Kf7 14. Rad1 Nb6 15.
Bg3 h5 16. Nf3 Na5 17. Qb4 Bg4 18. Qxa5 h4 19. Bf4 g5 20. Be3 h3 21. Be2 hxg2
22. Kxg2 Qc7 23. Ne5+ fxe5 24. Bxg4 exd4 25. h3 dxe3 26. fxe3+ Kg6 27. Qb4 Raf8
28. Qd4 Nc4 29. Qd3+ Kh6 30. Bxe6 Qe5 31. Bg4 Nxe3+ 32. Kh1 Nxf1 33. Rxf1 Rxf1+
34. Qxf1 Qe4+ 35. Bf3 Qf5 36. Kg2 Kg7 37. Qe2 Qxh3+ 38. Kg1 Qg3+ 39. Bg2 Rf8 40.
Qe7+ Rf7 41. Qe2 Qf4 42. b3 Qc1+ 43. Kh2 Qxc3 44. Qg4 Qe5+ 45. Kh1 Re7 46. Qh5
Qe1+ 47. Kh2 Qe5+ 48. Kh3 Qf6 49. Qg4 Re3+ 50. Kh2 Qf4+ 51. Qxf4 gxf4 52. Bxd5
Re2+ 53. Kg1 Rxa2 54. Bxb7 Rb2 55. Bd5 a5 56. Kf1 Kf6 57. Ke1 Kg5 58. Kd1 Kg4
59. Kc1 Rh2 60. Kd1 Kg3 61. Ke1 f3 62. Bc4 Rb2 63. Bd5 f2+ 64. Kd1 f1=Q# 0-1

[Event "Titled Tue 1st Jul Early"]
[Site "chess.com INT"]
[Date "2025.07.01"]
[Round "3"]
[White "Munoz, Francisco Javier"]
[Black "Shimanov, Aleksandr"]
[Result "1/2-1/2"]
[WhiteTitle "FM"]
[BlackTitle "GM"]
[WhiteElo "2389"]
[BlackElo "2578"]
[WhiteFideId "128368"]
[BlackFideId "4198603"]
[EventDate "2025.07.01"]

1. e4 d5 2. exd5 Qxd5 3. Nc3 Qe5+ 4. Nge2 Nf6 5. g3 c6 6. Bg2 Bf5 7. O-O e6 8.
d4 Qa5 9. a3 Be7 10. Bf4 Nbd7 11. b4 Qd8 12. Na4 O-O 13. c4 Nb6 14. Nxb6 axb6
15. Nc3 Qd7 16. h3 Rfd8 17. Be3 Qc7 18. Qb3 Rd7 19. Rfd1 Rad8 20. a4 h6 21. b5
c5 22. dxc5 Bxc5 23. Bxc5 Qxc5 24. Rxd7 Rxd7 25. Rd1 Rc7 26. Rd8+ Kh7 27. Ne2
Qxc4 28. Qxc4 Rxc4 29. Rd6 Rxa4 30. Rxb6 Ra2 31. Nd4 Be4 32. Bxe4+ Nxe4 33. Rxb7
Rxf2 34. b6 Kg6 35. Nc6 Rb2 36. Ne5+ Kf6 37. Ng4+ Kg6 38. Ne5+ Kf6 39. Ng4+ Kg5
40. Rxf7 Nxg3 41. b7 Kh4 42. Rxg7 h5 43. Nf2 Nf5 44. Rc7 Nd6 45. Rc6 Nxb7 46.
Rxe6 Nc5 47. Re5 Rc2 48. Rd5 Kg3 49. Rg5+ Kh4 50. Rd5 Kg3 51. Rg5+ Kf3 52. Rf5+
Ke3 53. Rxh5 Rc1+ 54. Kg2 Rc2 55. Re5+ Kf4 56. Re8 Nd3 57. Rf8+ Ke3 58. Re8+ Kf4
59. Rf8+ Kg5 60. Rg8+ Kh6 61. Rf8 Nxf2 62. Rxf2 Rxf2+ 63. Kxf2 Kh7 64. Kg3 Kh8
65. h4 Kh7 66. Kg4 Kh8 67. Kg5 Kh7 68. h5 Kh8 69. Kg6 Kg8 70. h6 Kh8 71. h7 1/2-1/2

[Event "Titled Tue 1st Jul Early"]
[Site "chess.com INT"]
[Date "2025.07.01"]
[Round "3"]
[White "Akkara, Omer"]
[Black "Khalafvand, Dorsa Sadat"]
[Result "1-0"]
[WhiteTitle "CM"]
[BlackTitle "WCM"]
[WhiteElo "2036"]
[BlackElo "1985"]
[WhiteFideId "26319802"]
[BlackFideId "36767522"]
[EventDate "2025.07.01"]

1. e4 c6 2. d4 d5 3. exd5 cxd5 4. Nf3 Nc6 5. Bb5 Nf6 6. O-O Bg4 7. h3 Bxf3 8.
Qxf3 e6 9. c3 a6 10. Bd3 Bd6 11. Qe2 O-O 12. Nd2 b5 13. Nf3 b4 14. Bd2 bxc3 15.
bxc3 a5 16. a4 Rc8 17. Rfe1 Qc7 18. Ne5 Nd7 19. f4 Rce8 20. Qg4 Bxe5 21. fxe5 f5
22. exf6 Nxf6 23. Qh4 Qa7 24. Bg5 h6 25. Be3 Ne7 26. Bxh6 gxh6 27. Qg3+ Kf7 28.
Qe5 Nc6 29. Qf4 Ke7 30. Qxh6 Rg8 31. Re2 Nd8 32. Rae1 Qd7 33. Bb5 Nc6 34. Rxe6+
Qxe6 35. Rxe6+ Kxe6 36. Bxc6 Rc8 37. Bxd5+ Ke7 38. Bxg8 Rxg8 39. Qe3+ Kf7 40.
Qe5 Rc8 41. Qxa5 Rb8 42. Qc7+ Kg6 43. Qxb8 Nd5 44. Qd6+ Nf6 45. Qxf6+ Kxf6 46.
a5 Ke6 47. a6 Kd6 48. a7 Kc7 49. a8=Q Kd6 50. Qe4 Kc7 51. h4 Kd7 52. h5 Kc7 53.
h6 Kd7 54. h7 Kc7 55. g4 Kd7 56. g5 Kc7 57. g6 Kd7 58. g7 Kc7 59. h8=Q Kd7 60.
g8=Q Kc7 61. c4 Kd7 62. c5 Kc7 63. d5 Kd7 64. Qa4+ Kc7 65. d6+ Kb7 66. d7 Kc7
67. d8=Q+ Kb7 68. c6# 1-0

[Event "Titled Tue 1st Jul Early"]
[Site "chess.com INT"]
[Date "2025.07.01"]
[Round "3"]
[White "Volovich, Vasily"]
[Black "Ashraf, Artin"]
[Result "1-0"]
[WhiteTitle "FM"]
[BlackTitle "FM"]
[WhiteElo "2177"]
[BlackElo "2428"]
[WhiteFideId "34169676"]
[BlackFideId "22514805"]
[EventDate "2025.07.01"]

1. e4 e6 2. d4 d5 3. Bd3 c5 4. exd5 exd5 5. Nf3 c4 6. Be2 Nf6 7. O-O Be7 8. b3
cxb3 9. axb3 O-O 10. c4 Nc6 11. Nc3 a6 12. Bg5 Be6 13. h3 h6 14. Bh4 Ne4 15.
Bxe7 Qxe7 16. Nxe4 dxe4 17. Ne5 Nxe5 18. dxe5 Qg5 19. Qd4 Bf5 20. Ra5 Rad8 21.
Rd5 Rfe8 22. Rd1 Rxd5 23. cxd5 Bxh3 24. Qxe4 Rxe5 25. Qf3 Bxg2 26. Qxg2 Qxg2+
27. Kxg2 Rxe2 28. d6 Re8 29. Kf3 Kf8 30. Kf4 f6 31. Kf5 Kf7 32. Rc1 Re5+ 33. Kf4
Rd5 34. Rc7+ Kg6 35. d7 b5 36. Ke4 Rd1 37. f4 h5 38. f5+ Kg5 39. d8=Q Rxd8 40.
Rxg7+ Kh4 41. Rf7 Rd6 42. Rg7 Kh3 43. Kf4 h4 44. Ke4 b4 45. Rf7 Kg3 46. Rg7+ Kf2
47. Rh7 Kg3 48. Rg7+ Kh3 49. Re7 a5 50. Re6 Rd1 51. Rxf6 Kg3 52. Rg6+ Kh3 53.
Ra6 Rb1 54. Rxa5 Rxb3 55. f6 Rc3 56. f7 Rc8 57. Kf5 Rb8 58. Ke6 b3 59. Rb5 Rxb5
60. f8=Q Rg5 61. Qf3+ Rg3 62. Qf1+ Kg4 63. Qf5# 1-0

[Event "Titled Tue 1st Jul Early"]
[Site "chess.com INT"]
[Date "2025.07.01"]
[Round "3"]
[White "Ismagilov, Damir"]
[Black "Torres Rebolledo, Alvaro"]
[Result "1-0"]
[WhiteTitle "CM"]
[BlackTitle "FM"]
[WhiteElo "2173"]
[BlackElo "2319"]
[WhiteFideId "34199982"]
[BlackFideId "54587670"]
[EventDate "2025.07.01"]

1. d4 Nf6 2. c4 e6 3. Nc3 c5 4. d5 exd5 5. cxd5 d6 6. e4 g6 7. f4 Bg7 8. Bb5+
Nbd7 9. e5 dxe5 10. fxe5 Nh5 11. e6 Qh4+ 12. g3 Nxg3 13. Nf3 Bxc3+ 14. bxc3 Qe4+
15. Be2 Nxh1 16. exf7+ Kd8 17. d6 h6 18. Qd3 Qxd3 19. Bxd3 Nf8 20. Bf4 Be6 21.
Be5 Rh7 22. Bf6+ Kd7 23. Bb5+ Kxd6 24. O-O-O+ Kc7 25. Rxh1 Rxf7 26. Be5+ Kb6 27.
Be2 Bd5 28. Rf1 Re8 29. Kd2 Bxf3 30. Rb1+ Kc6 31. Bb5+ Kd5 32. Bg3 Rd8 33. c4+
Ke6+ 34. Kc3 Rfd7 35. Re1+ Kf7 36. Rf1 Rd3+ 37. Kb2 Ne6 38. Ba4 Ng5 39. Bc2 Ne4
40. Bxd3 Rxd3 41. Be5 Rc3 42. Bxc3 Nxc3 43. Rxf3+ Ke6 44. Rxc3 g5 45. Rd3 Kf5
46. Rd8 h5 47. Kc3 g4 48. Kd3 Kf4 49. Ke2 h4 50. Kf2 Ke4 51. Rd5 b6 52. a4 a5
53. Rd6 Ke5 54. Rd5+ Ke4 55. Kg2 Ke3 56. Rd6 Ke4 57. Rxb6 Kd4 58. Rb5 Kxc4 59.
Rxa5 Kb4 60. Ra8 c4 61. a5 c3 62. a6 c2 63. Rc8 Kb3 64. a7 Kb2 65. a8=Q c1=Q 66.
Rxc1 Kxc1 67. Qe4 Kd2 68. Qxg4 Ke1 69. Qxh4+ Kd2 70. Qe4 Kc1 71. Qe2 Kb1 72. Kf3
Ka1 73. Ke3 Kb1 74. Kd3 Kc1 75. Kc3 Kb1 76. Qb2# 1-0

[Event "Titled Tue 1st Jul Early"]
[Site "chess.com INT"]
[Date "2025.07.01"]
[Round "3"]
[White "Drygalov, Sergey"]
[Black "Chiu, Isaac"]
[Result "1-0"]
[WhiteTitle "GM"]
[WhiteElo "2560"]
[BlackElo "2226"]
[WhiteFideId "24171743"]
[BlackFideId "30900654"]
[EventDate "2025.07.01"]

1. d4 d5 2. c4 dxc4 3. Nf3 Nf6 4. e3 Bg4 5. Bxc4 e6 6. h3 Bh5 7. g4 Bg6 8. Ne5
Nfd7 9. Nxg6 hxg6 10. Nc3 Nb6 11. Be2 c6 12. Bf3 N8d7 13. Bd2 Bd6 14. Qe2 Qe7
15. O-O-O e5 16. Ne4 O-O-O 17. Nxd6+ Qxd6 18. Bc3 Qe7 19. Qc2 exd4 20. Bxd4 Ne5
21. Be2 Kb8 22. Kb1 g5 23. f4 gxf4 24. exf4 Ng6 25. Rhe1 Nxf4 26. Bf1 Qxe1 27.
Rxe1 Rxd4 28. Qf5 f6 29. a3 Rhd8 30. Ka2 Nbd5 31. Qc2 g5 32. Qb3 a5 33. Ba6 Rd7
34. Bc4 Nc7 35. Bg8 a4 36. Qc2 Rd2 37. Qxa4 Nd3 38. Rb1 Nb5 39. Qa5 Nc5 40. Bc4
Ne4 41. Bxb5 cxb5 42. Ka1 R7d5 43. Rc1 Nd6 44. Qc7+ Ka7 45. Qa5+ Kb8 46. Qc3
R2d3 47. Qxf6 Ka7 48. Qf2+ Kb8 49. Qf8+ Ka7 50. Rc3 Rd1+ 51. Ka2 Ne4 52. Re3 Nc5
53. Qf2 Kb6 54. Rc3 R1d4 55. Qe3 Ka6 56. Rxc5 Rxc5 57. Qxd4 b6 58. Qf6 Kb7 59.
h4 gxh4 60. Qxh4 Rc4 61. Qh7+ Ka6 62. g5 Rg4 63. g6 b4 64. axb4 Rg3 65. g7 Kb5
66. g8=Q Rxg8 67. Qxg8 Ka4 68. Qb3+ Kb5 69. Qd3+ Ka4 70. b3+ Kxb4 71. Qc4+ Ka5
72. Qa4# 1-0

[Event "Titled Tue 1st Jul Early"]
[Site "chess.com INT"]
[Date "2025.07.01"]
[Round "3"]
[White "Rubio, Lloyd"]
[Black "Colville, Julian"]
[Result "1/2-1/2"]
[BlackTitle "FM"]
[WhiteElo "2167"]
[BlackElo "2248"]
[WhiteFideId "5210453"]
[BlackFideId "30963273"]
[EventDate "2025.07.01"]

1. d4 Nf6 2. c4 e6 3. Nc3 d5 4. Nf3 c6 5. Bf4 dxc4 6. e4 b5 7. Qc2 Bb4 8. Be2
Bb7 9. Rd1 Qa5 10. O-O O-O 11. e5 Nd5 12. Ng5 g6 13. Bd2 Bxc3 14. bxc3 Nd7 15.
Bf3 c5 16. Qe4 Kg7 17. Qh4 h5 18. Ne4 cxd4 19. cxd4 c3 20. Bg5 c2 21. Rc1 Qxa2
22. Bf6+ N7xf6 23. exf6+ Kh7 24. Bxh5 Rh8 25. Qg5 Ne7 26. Nd6 Qd5 27. Qg3 Nf5
28. Nxf5 Qxf5 29. Qc7 Qxf6 30. Qxb7 gxh5 31. Rxc2 Rhg8 32. Rc5 Kh6 33. Qe4 Rad8
34. Rd1 Rg5 35. Rc7 Rgd5 36. Qe3+ Qg5 37. Rxf7 b4 38. Qe4 Qg6 39. Qe3+ Rg5 40.
Re7 h4 41. Rxe6 b3 42. Rxg6+ Kxg6 43. Qxb3 Rgd5 44. h3 a5 45. Qd3+ Kh6 46. Qe4
Kg5 47. Qg4+ Kh6 48. Qxh4+ Kg6 49. Qg4+ Kh6 50. Qf4+ Kg6 51. Qc7 a4 52. Qa7 Kg5
53. Qxa4 Kf4 54. Qc2 Rxd4 55. Qc1+ Ke4 56. Re1+ Kf5 57. Qe3 R8d5 58. Qe6+ Kg5
59. Re5+ Kf4 60. Rxd5 Rd1+ 61. Kh2 Rh1+ 62. Kxh1 1/2-1/2

[Event "Titled Tue 1st Jul Early"]
[Site "chess.com INT"]
[Date "2025.07.01"]
[Round "3"]
[White "Mayaud, Raphael"]
[Black "Den Roover, Nikolay Jorgensen"]
[Result "1-0"]
[WhiteTitle "CM"]
[BlackTitle "CM"]
[WhiteElo "2126"]
[BlackElo "2003"]
[WhiteFideId "627151"]
[BlackFideId "1557220"]
[EventDate "2025.07.01"]

1. d4 Nf6 2. Bg5 d5 3. Bxf6 exf6 4. e3 Bd6 5. g3 O-O 6. Bg2 Bf5 7. Ne2 c6 8. O-O
Nd7 9. Nd2 Re8 10. c4 dxc4 11. Nxc4 Bc7 12. Rc1 Nb6 13. b3 Bg6 14. Nc3 Qd7 15.
Qf3 Rad8 16. Rfd1 Nd5 17. Nxd5 cxd5 18. Nd2 Bb6 19. Qe2 Rc8 20. Bf1 Rxc1 21.
Rxc1 Rc8 22. Rxc8+ Qxc8 23. Qd1 h6 24. Nf3 Qc2 25. Qxc2 Bxc2 26. Nd2 Ba5 27. Nf3
Bb4 28. Bb5 Bb1 29. a4 Bc2 30. Bd7 Bxb3 31. Bc8 Bxa4 32. Bxb7 Bb3 33. Kf1 a5 34.
Ke2 a4 35. Nd2 Bc2 36. Bxd5 a3 37. Ba2 Ba4 38. Nb3 Bb5+ 39. Kd1 Bc4 40. f3 Kf8
41. Nc1 Bf1 42. Kc2 Ke7 43. Nd3 Bd6 44. Nc5 Bxc5 45. dxc5 Kd7 46. Kc3 Kc6 47.
Kb4 Be2 48. f4 f5 49. Kxa3 Kxc5 50. Bxf7 Bf3 51. Kb2 Bd5 52. Bxd5 Kxd5 53. Kc3
Ke4 54. Kd2 h5 55. Ke2 g6 56. h4 Kd5 57. Kd3 Kc5 58. e4 Kd6 59. e5+ Ke6 60. Ke3
Kd5 61. Kd3 Kc6 62. Kd4 Kd7 63. Kd5 Ke7 64. e6 Kf8 65. Ke5 Ke7 66. Kd5 Kf8 67.
Kd6 Ke8 68. e7 1-0

[Event "Titled Tue 1st Jul Early"]
[Site "chess.com INT"]
[Date "2025.07.01"]
[Round "3"]
[White "Bhatia, Kanishka"]
[Black "Sprenar, Petr"]
[Result "0-1"]
[WhiteTitle "WCM"]
[BlackTitle "FM"]
[WhiteElo "1923"]
[BlackElo "2318"]
[WhiteFideId "2410095"]
[BlackFideId "397164"]
[EventDate "2025.07.01"]

1. e4 c5 2. c3 Nf6 3. e5 Nd5 4. d4 cxd4 5. cxd4 e6 6. Nf3 d6 7. Nc3 Nxc3 8. bxc3
Qc7 9. Bd2 Nd7 10. exd6 Bxd6 11. Bd3 b6 12. O-O Bb7 13. h3 O-O 14. Re1 Rfd8 15.
Bg5 Re8 16. Bd2 e5 17. dxe5 Nxe5 18. Nxe5 Rxe5 19. Rxe5 Bxe5 20. Qh5 g6 21. Qg5
Rd8 22. Qe3 Qc6 23. Bf1 Qd5 24. Re1 Bf6 25. Bc1 Bc6 26. Ba3 Qxa2 27. Qf4 Qxa3
28. Qxf6 Qd6 29. Qg5 Kg7 30. Bc4 Rd7 31. Qe3 Bb7 32. Bf1 a5 33. c4 a4 34. Rb1
Qc5 35. Qc3+ Qd4 36. Qxd4+ Rxd4 37. Rxb6 Be4 38. Ra6 Rd1 39. Rxa4 Bd3 40. Kh2
Bxf1 41. c5 Rc1 42. Ra5 Bc4 43. Ra7 Be6 44. Rc7 Kf6 45. Kg3 Ke5 46. Re7 Rxc5 47.
Re8 Rc3+ 48. Kh2 h5 49. Rh8 Kf6 50. Rb8 Rc2 51. Kg3 h4+ 52. Kxh4 Rxf2 53. Kg3
Rf5 54. Rb1 Rg5+ 55. Kh2 Bd5 56. Rf1+ Rf5 57. Rg1 Rf2 58. Kg3 Rxg2+ 59. Rxg2
Bxg2 60. Kxg2 Kg5 61. Kg3 f5 62. Kh2 Kh4 63. Kg2 f4 64. Kh2 f3 65. Kg1 Kxh3 66.
Kf2 Kg4 67. Kg1 Kg3 68. Kh1 Kf2 69. Kh2 Ke1 70. Kg3 f2 71. Kg4 f1=Q 72. Kg5 Ke2
73. Kh6 Ke3 74. Kg7 g5 75. Kg8 g4 76. Kh8 g3 77. Kg7 Qf2 78. Kh8 g2 79. Kg8
g1=Q+ 80. Kh8 Qfh2# 0-1

[Event "Titled Tue 1st Jul Early"]
[Site "chess.com INT"]
[Date "2025.07.01"]
[Round "3"]
[White "Caprio, Guido"]
[Black "Zhigalko, Sergei"]
[Result "0-1"]
[WhiteTitle "IM"]
[BlackTitle "GM"]
[WhiteElo "2435"]
[BlackElo "2572"]
[WhiteFideId "834580"]
[BlackFideId "13502956"]
[EventDate "2025.07.01"]

1. d4 Nf6 2. c4 e6 3. Nc3 Bb4 4. e3 O-O 5. Bd3 d5 6. Nf3 b6 7. O-O Bb7 8. cxd5
exd5 9. a3 Bd6 10. b4 a6 11. Qb3 Qe7 12. b5 Nbd7 13. bxa6 Bxa6 14. Bxa6 Rxa6 15.
Nxd5 Nxd5 16. Qxd5 Nf6 17. Qb3 Rfa8 18. a4 Qe8 19. Ne5 Bxe5 20. dxe5 Qxe5 21.
Bb2 Qe6 22. Qxe6 fxe6 23. Bxf6 gxf6 24. Rac1 c5 25. Rfd1 Rxa4 26. g3 R8a7 27.
Rd6 Ra1 28. Rxa1 Rxa1+ 29. Kg2 b5 30. Rxe6 c4 31. Rc6 Kf7 32. Kf3 Ke7 33. Ke4
Kd7 34. Rc5 Rb1 35. Kd4 Kd6 36. Rd5+ Kc6 37. Rf5 Rd1+ 38. Kc3 Rd3+ 39. Kc2 b4
40. Rxf6+ Kb5 41. Rf8 b3+ 42. Kb2 Rd2+ 43. Kc3 Rc2+ 44. Kd4 b2 45. Rb8+ Kc6 46.
f4 c3 47. Kd3 Rc1 48. f5 Kc7 49. Rb3 b1=Q+ 50. Rxb1 Rxb1 51. Kxc3 Rf1 52. e4 Kd6
53. Kd4 Rd1+ 54. Ke3 Ke5 55. g4 Ra1 56. g5 Ra3+ 57. Kf2 Kxe4 58. f6 Kf5 59. h4
Ra7 60. Kf3 Rb7 61. Ke3 Rd7 62. Kf3 h6 63. gxh6 Kxf6 64. Kg4 Rh7 65. Kh5 Rh8 66.
Kg4 Kg6 67. h5+ Kxh6 0-1

[Event "Titled Tue 1st Jul Early"]
[Site "chess.com INT"]
[Date "2025.07.01"]
[Round "3"]
[White "Makaraci, Tunahan"]
[Black "Negrean, Andrei"]
[Result "0-1"]
[WhiteTitle "FM"]
[BlackTitle "FM"]
[WhiteElo "2233"]
[BlackElo "2352"]
[WhiteFideId "6356559"]
[BlackFideId "1291513"]
[EventDate "2025.07.01"]

1. e4 c5 2. c3 d5 3. exd5 Qxd5 4. d4 Nc6 5. Nf3 Bf5 6. Be3 cxd4 7. Nxd4 Nf6 8.
Nxf5 Qxf5 9. Qb3 Qc8 10. Nd2 e6 11. Nf3 Be7 12. Bd3 O-O 13. O-O Nd5 14. Bd2 Qc7
15. Rad1 Rfd8 16. Rfe1 Bf6 17. Be4 Rac8 18. Bg5 Bxg5 19. Bxd5 Bf6 20. Be4 g6 21.
g3 Bg7 22. Rxd8+ Rxd8 23. Rd1 Rd7 24. Kg2 h5 25. Ng5 Rxd1 26. Qxd1 Bf6 27. Nf3
Kg7 28. Qa4 a6 29. h4 Ne7 30. Qb4 b5 31. a4 bxa4 32. Qxa4 Qb6 33. Qa3 a5 34. Ng5
Bxg5 35. hxg5 Nf5 36. b4 axb4 37. cxb4 h4 38. Bxf5 gxf5 39. gxh4 Qd4 40. Qg3
Qxb4 41. h5 Qe4+ 42. Qf3 Qh4 43. Qc3+ Kh7 44. Qf6 Qxh5 45. f4 Qg4+ 46. Kh1 Qh3+
47. Kg1 Qg3+ 48. Kh1 Qf3+ 49. Kg1 Qh5 50. Kg2 Qg6 51. Qe7 Kg7 52. Kf3 Qh5+ 53.
Kg2 Qg4+ 54. Kh1 Qf3+ 55. Kg1 Qg3+ 56. Kh1 Qh4+ 57. Kg2 Qg4+ 58. Kh1 Qf3+ 59.
Kg1 Qe3+ 60. Kg2 Qd4 61. Kg3 Qc3+ 62. Kg2 Qa1 63. Kg3 Qd4 64. Kg2 Kg6 65. Kh2
Qxf4+ 66. Kg2 Qxg5+ 67. Qxg5+ Kxg5 0-1

[Event "Titled Tue 1st Jul Early"]
[Site "chess.com INT"]
[Date "2025.07.01"]
[Round "3"]
[White "Tsyhanchuk, Stanislav"]
[Black "Caku, Kler"]
[Result "1/2-1/2"]
[WhiteTitle "IM"]
[BlackTitle "WFM"]
[WhiteElo "2273"]
[BlackElo "2010"]
[WhiteFideId "13505130"]
[BlackFideId "4704703"]
[EventDate "2025.07.01"]

1. e4 e5 2. Nf3 Nc6 3. Bc4 Nf6 4. O-O h6 5. d4 Qe7 6. Nc3 d6 7. Nd5 Qd8 8. Bb5
Bd7 9. dxe5 dxe5 10. Bxc6 Bxc6 11. Nxe5 Bxd5 12. exd5 Qxd5 13. Qxd5 Nxd5 14. Re1
Be7 15. c4 Nb4 16. Re2 O-O-O 17. Bd2 Nc2 18. Rc1 Nd4 19. Re4 Rhf8 20. Bc3 Ne6
21. Nxf7 Rxf7 22. Rxe6 Bc5 23. Re2 Rdf8 24. Rf1 g5 25. b4 Bd6 26. c5 Be7 27.
Rfe1 Bf6 28. Bxf6 Rxf6 29. Re8+ Kd7 30. R1e7+ Kc6 31. Rxf8 Rxf8 32. a4 Rf4 33.
b5+ Kxc5 34. Rxc7+ Kb6 35. Rh7 Rxa4 36. Rxh6+ Kxb5 37. g3 Rc4 38. h4 gxh4 39.
Rxh4 Rc1+ 40. Kg2 a5 41. g4 a4 42. g5 a3 43. Rh7 b6 44. Ra7 Kb4 45. g6 Rc6 46.
g7 Rg6+ 47. Kh3 Kb3 48. f4 a2 49. f5 Rxg7 50. Rxg7 a1=Q 51. Rg6 Qh1+ 52. Kg4
Qg2+ 53. Kh5 Qh3+ 54. Kg5 Qg3+ 55. Kf6 Qf4 56. Ke6 b5 57. f6 Qe4+ 58. Kf7 Qd5+
59. Kg7 b4 60. f7 Qe5+ 61. Kg8 Qb8+ 62. f8=Q Qxf8+ 63. Kxf8 Kc2 64. Rc6+ Kd2 65.
Rb6 Kc3 66. Ke7 b3 67. Kd6 b2 68. Kd5 Kc2 69. Kc4 b1=Q 70. Rxb1 Kxb1 1/2-1/2

[Event "Titled Tue 1st Jul Early"]
[Site "chess.com INT"]
[Date "2025.07.01"]
[Round "3"]
[White "Liashkevich, Lizaveta"]
[Black "Andriienko, Artom"]
[Result "1-0"]
[WhiteTitle "WFM"]
[WhiteElo "2204"]
[BlackElo "2151"]
[WhiteFideId "13518658"]
[BlackFideId "34129510"]
[EventDate "2025.07.01"]

1. d4 Nf6 2. Nf3 e6 3. c4 Bb4+ 4. Bd2 Qe7 5. a3 Bxd2+ 6. Qxd2 d6 7. Nc3 O-O 8.
e4 e5 9. d5 a5 10. b3 Nbd7 11. Bd3 Nc5 12. Bc2 Nh5 13. O-O Nf4 14. b4 Na6 15.
Ne2 Nxe2+ 16. Qxe2 Bg4 17. Rfb1 Qf6 18. Bd1 Bxf3 19. Qxf3 Qxf3 20. Bxf3 axb4 21.
axb4 Nxb4 22. Rxa8 Rxa8 23. h3 c5 24. dxc6 Nxc6 25. Rxb7 g6 26. Rb6 Rc8 27. Bg4
Rc7 28. Bd1 Kg7 29. Ba4 Nd4 30. Bb5 f5 31. Rxd6 f4 32. f3 g5 33. h4 h6 34. h5
Ra7 35. Rg6+ Kh7 36. Rb6 Ra1+ 37. Kh2 Ne2 38. Rb7+ Kh8 39. Kh3 Ng3 40. Rb8+ Kg7
41. Rb7+ Kf8 42. Rb8+ Ke7 43. Re8+ Kd6 44. c5+ Kxc5 45. Rxe5+ Kb6 46. Kg4 Rh1
47. Re6+ Kxb5 48. Rxh6 Rg1 49. Kxg5 Rxg2 50. Kxf4 Ne2+ 51. Kf5 Nd4+ 52. Kf4 Rf2
53. Ke3 Rxf3+ 54. Kxd4 Rf1 55. e5 Rd1+ 56. Ke4 Re1+ 57. Kf5 Kc5 58. Rd6 Rf1+ 59.
Kg5 Re1 60. Kf6 Rf1+ 61. Ke7 Rf5 62. e6 Rxh5 63. Ra6 Rh7+ 64. Kd8 Rh8+ 65. Kd7
Rh7+ 66. e7 Kb5 67. Rf6 Kc5 68. Kd8 Rh8+ 69. Rf8 Rh5 70. e8=Q 1-0